Fundamentos para el desarrollo de la motricidad en edades tempranas

שמור ב:
מידע ביבליוגרפי
Main Authors: Conde Caveda, José Luis (Author), Viciana Garofáno, Virginia (Author)
פורמט: ספר
שפה:ספרדית
יצא לאור: Málaga Aljibe 1997
סדרה:Colección Biblioteca de Educación
נושאים:
תגים: הוספת תג
אין תגיות, היה/י הראשונ/ה לתייג את הרשומה!

MARC

LEADER 00000nam a2200000 a 4500
001 UCQ1392
003 CL-VaPUC
008 980710e19970000SP |||||||||||||||||spa|d
082 0 4 |a 372.216  |b CON  |2 21 
100 0 |a Conde Caveda, José Luis  |e author  |9 415155 
700 0 |a Viciana Garofáno, Virginia  |e author  |9 415156 
245 1 0 |a Fundamentos para el desarrollo de la motricidad en edades tempranas 
300 |a 209 p 
942 |c BK 
945 |d 19980710 00:00:00  |a aalvarez 
260 |a Málaga  |b Aljibe  |c 1997 
650 0 |a Educación preescolar  |9 260381 
650 7 |a MOTRICIDAD  |2 CL-VaPUC  |9 307419 
650 7 |a EDUCACION INFANTIL  |2 CL-VaPUC  |9 415157 
650 7 |a MOVIMIENTOS  |2 CL-VaPUC  |9 415158 
650 7 |a LOCOMOCION HUMANA  |2 CL-VaPUC  |9 308868 
650 7 |a DESPLAZAMIENTOS  |2 CL-VaPUC  |9 415159 
583 |a last modification  |c 19980710 00:00:00  |k Rodrigo Vera 
490 0 |a Colección Biblioteca de Educación 
999 |c 272391  |d 272389 
952 |0 0  |1 0  |4 0  |6 372_216000000000000_CON_1997  |7 0  |8 A  |9 307307  |a BIBEDU  |b BIBEDU  |d 2019-11-20  |i 3439771  |o 372.216 CON 1997  |p 3439771  |r 2019-11-20  |w 2019-11-20  |y BK  |k BME